No way to treat an energy rating (Record no. 677)
[ view plain ]
| 000 -LEADER | |
|---|---|
| fixed length control field | 00924cab a2200241 4500 |
| 001 - CONTROL NUMBER | |
| control field | ABS52992 |
| 008 - FIXED-LENGTH DATA ELEMENTS--GENERAL INFORMATION | |
| fixed length control field | 090401t1995 xxu||||| |||| 00| 0 eng d |
| 035 ## - SYSTEM CONTROL NUMBER | |
| System control number | (Sirsi) u1243 |
| 041 0# - LANGUAGE CODE | |
| Language code of text/sound track or separate title | eng |
| 100 1# - MAIN ENTRY--PERSONAL NAME | |
| Personal name | Brown, P. |
| 245 00 - TITLE STATEMENT | |
| Title | No way to treat an energy rating |
| 260 ## - PUBLICATION, DISTRIBUTION, ETC. | |
| Date of publication, distribution, etc. | 1995 |
| 350 ## - PRICE (NR) (BK AM CF MU VM SE) [OBSOLETE] | |
| Price | 0 |
| 490 #0 - SERIES STATEMENT | |
| Series statement | Architects' Journal |
| Volume/sequential designation | 201(23) 8 June 1995, 18-19(2) |
| 520 ## - SUMMARY, ETC. | |
| Summary, etc. | Casts doubt on the methodology used to calculate energy use in new dwellings, the Standard Assessment Procedure (SAP), under Part L of the Building Regulations (coming into force in July 1995). Argues that this may possibly lead to the system being discredited. |
| 650 24 - SUBJECT ADDED ENTRY--TOPICAL TERM | |
| Topical term or geographic name entry element | BUILDING REGULATIONS 1991 APPROVED DOCUMENT L (1995 EDITION) |
| 650 24 - SUBJECT ADDED ENTRY--TOPICAL TERM | |
| Topical term or geographic name entry element | STANDARD ASSESSMENT PROCEDURE |
| 651 #4 - SUBJECT ADDED ENTRY--GEOGRAPHIC NAME | |
| Geographic name | England and Wales |
| Chronological subdivision | 1543- |
| 690 ## - LOCAL SUBJECT ADDED ENTRY--TOPICAL TERM (OCLC, RLIN) | |
| Topical term or geographic name as entry element | BUILT ENVIRONMENT-BUILDING STANDARDS |
| 700 1# - ADDED ENTRY--PERSONAL NAME | |
| Personal name | Parnaby, R. |
| 942 ## - ADDED ENTRY ELEMENTS (KOHA) | |
| Suppress in OPAC | 0 |
| 948 ## - LOCAL PROCESSING INFORMATION (OCLC); SERIES PART DESIGNATOR (RLIN) | |
| c (OCLC) | 04/03/1997 |
| Withdrawn status | Lost status | Source of classification or shelving scheme | Damaged status | Not for loan | Home library | Current library | Shelving location | Date acquired | Total Checkouts | Full call number | Barcode | Date last seen | Copy number | Price effective from | Koha item type |
|---|---|---|---|---|---|---|---|---|---|---|---|---|---|---|---|
| Dewey Decimal Classification | London | London | Journal article | 14/09/1999 | ABS52992 | 1243-1001 | 06/08/2019 | 1 | 06/08/2019 | Journal article |